01897nam a2200385 i 4500001001000000003000900010005001700019007000300036008004100039020001800080040003000098082002300128100005600151245011400207250001700321264003600338300004500374336002700419337003300446338002800479504003900507590002700546650003400573650003900607700003800646700003600684910003700720942001400757952014700771952014700918952014701065952013501212952014701347999001701494000042159DO-SdBNP20240703113934.0ta100215s2013 dr ab 000 0 spa d z9789945162998 aDO-SdBNPbspacBNPHUerda 4a101bJ58m 20132221 aJesús Ulerio, Luis Felipe de,d1970-91334eautor10aManual de introducción a la filosofía /cLuis F. de Jesús Ulerio, Héctor A. Valera, Eduardo R. Rivas. a5a edición aSanto Domingo :bBúho,c2013. a143 páginas :bilustraciones ;c23 cm. 2rdacontentatextobtxt 2rdamediaasin mediaciónbn 2rdacarrieravolumenbnc aBibliografía : páginas 141-143 aInventariado, 2018 /LP 4aFilosofíaxEnseñanza9527 4aFilosofíaxLibros de texto9121412aValera, Héctor A.916400eautor12aRivas, Eduardo R.916401eautor aValidado. Control de calidad MFF 2ddccLBS1 00102ddc56708DSaBNPHUbBNPHUcHDd2013-11-18l0oBNPHU DS 101 J58m 2013p42159-30r2020-06-25te. 3w2020-06-25yLBS1ZPréstamo en sala 00102ddc56708DSaBNPHUbBNPHUcHDd2018-10-30l0oBNPHU DS 101 J58m 2013p42159-40r2020-06-25te. 4w2020-06-25yLBS1ZPréstamo en sala 00102ddc56708DSaBNPHUbBNPHUcHDd2018-10-30l0oBNPHU DS 101 J58m 2013p42159-50r2020-06-25te. 5w2020-06-25yLBS1ZPréstamo en sala 00102ddc51708PDaBNPHUbBNPHUcHDd2013-11-18l0oBNPHU PD 101 J58m 2013p42159-10r2020-06-25w2020-06-25yLBS1ZNo se presta 00102ddc51708PDaBNPHUbBNPHUcHDd2013-11-18l0oBNPHU PD 101 J58m 2013p42159-20r2020-06-25te. 2w2020-06-25yLBS1ZPréstamo en sala c41648d41648